| 000 | 00604nam a22001697a 4500 | ||
|---|---|---|---|
| 005 | 20251108172150.0 | ||
| 008 | 250721s2003 xx 000 0 ara d | ||
| 082 | 1 | 4 | _a547.2/علي |
| 100 | 1 |
_aعلي، يوسف لطفي _eتأليف |
|
| 245 | 1 | 0 | _aالأسس الإلكترونية لميكانيكية التفاعلات العضوية / |
| 264 | 1 |
_aالإسكندرية : _bدار الوفاء لدنيا الطباعة و النشر، _c2003. |
|
| 300 | _a338 ص | ||
| 650 | 1 | 7 | _aالكيمياء العضوية |
| 650 | 1 | 7 | _aالمركبات العضوية |
| 942 |
_2ddc _cBK |
||
| 999 |
_c72096 _d72096 |
||